| 000 | 01774nam a2200421 c 4500 | ||
|---|---|---|---|
| 003 | BLK | ||
| 005 | 20180420234603.0 | ||
| 008 | 180410b bul|||||r ||||||| ||bul|| | ||
| 010 | _aKNG00167603000 | ||
| 020 |
_a978-954-491-935-1 _bиздат.: Жанет 45 - (твърди кор.) |
||
| 020 |
_a978-954-491-934-4 _bиздат.: Жанет 45 - (меки кор.) |
||
| 040 | _aBLK | ||
| 041 |
_aBUL _cBUL |
||
| 072 | 7 |
_2bullib _aН70 _xИзкуства Н |
|
| 080 |
_aЖивопис - художници _b75.071.1 _x(497.2)(092) _z75.071.1(497.2)(092) |
||
| 080 |
_aБългарски художник (1903-1976) _b929 Бояджиев, Златю Георгиев _x _z929 Бояджиев, Златю Георгиев |
||
| 100 | 1 |
_aПампулов, Димитър _eпърви автор _9298797 |
|
| 139 |
_aПампулов, Димитър _bБ 73 |
||
| 245 | 1 | 0 |
_aЗлатю Бояджиев - виденията на великия майстор _cДимитър Пампулов. |
| 257 | _aBGR | ||
| 260 |
_аПловдив _bЖанет 45 _c2013 |
||
| 300 |
_a375 с. _bс цв. ил., портр. _c24 см |
||
| 380 | _a7 | ||
| 500 | _aСъдържа и Биографични данни. | ||
| 600 | 1 | 4 |
_aБояджиев, Златю Георгиев _9247485 |
| 650 | 4 |
_aБояджиев, Златю Георгиев _9247485 |
|
| 650 | 4 |
_aХудожници, български _9246650 |
|
| 651 | 4 |
_aБългария _9241624 |
|
| 653 | _aЗлатю Бояджиев | ||
| 653 | _aбългарски художници | ||
| 653 | _aБараците | ||
| 659 | _aН | ||
| 852 | _aЦб 271572 | ||
| 856 | 4 |
_qpdf _u |
|
| 856 | 4 |
_qpdf _u |
|
| 942 |
_cKNG _n0 |
||
| 944 |
_aCR _c25.11.2014 _lф / _kВиолета_Тройчева |
||
| 944 |
_aED _c24.01.2015 _lф / _kПенка_Димитрова |
||
| 999 |
_c160394 _d160394 |
||